Spirit-filled living. (Record no. 12576)

000 -LEADER
fixed length control field 00550nam a2200193 a 4500
001 - CONTROL NUMBER
control field :::00010383$&:&@@
003 - CONTROL NUMBER IDENTIFIER
control field OkBaRHE
005 - DATE AND TIME OF LATEST TRANSACTION
control field 20000607103358.0
008 - FIXED-LENGTH DATA ELEMENTS--GENERAL INFORMATION
fixed length control field s1960 j 000 0 eng u
040 ## - CATALOGING SOURCE
Transcribing agency
100 1# - MAIN ENTRY--PERSONAL NAME
Personal name Dayton, Wilber T.
245 10 - TITLE STATEMENT
Title Spirit-filled living.
260 ## - PUBLICATION, DISTRIBUTION, ETC. (IMPRINT)
Place of publication, distribution, etc Marion, IN., :
Name of publisher, distributor, etc Wesley Press
Date of publication, distribution, etc 1960
300 ## - PHYSICAL DESCRIPTION
Extent 61 p. ;
Dimensions 18 cm.
650 ## - SUBJECT ADDED ENTRY--TOPICAL TERM
Topical term or geographic name as entry element Christian Life
650 ## - SUBJECT ADDED ENTRY--TOPICAL TERM
Topical term or geographic name as entry element Holy Spirit
942 ## - ADDED ENTRY ELEMENTS (KOHA)
Source of classification or shelving scheme
Koha item type Books
Copies
Date last seen Barcode Not for loan Withdrawn status Permanent Location Koha item type Lost status Source of classification or shelving scheme Price effective from Copy number Full call number Date acquired Shelving location Damaged status
2010-04-1410383  RHEMA Bible Training CollegeBooks  2010-04-141BV 4501 .D2892010-04-14General Stacks